000 00482nam a2200169Ia 4500
008 260330s2018 xx 000 0 und d
020 _a9781760630720
041 _aeng
082 _a158.1
_bKIK
100 _aKISHIMI, ICHIRO/ KOGA FUMITAKE
245 _aCOURAGE TO BE DISLIKED A SINGLE BOOK CAN CHAGE YOUR LIFE
260 _aNew Delhi
_bALLEN & UNWIN LONDON
_c2018
300 _a272pg
_bPB
365 _cRs.
650 _aSelf-Help
700 _aKISHIMI, ICHIRO/ KOGA FUMITAKE
999 _c1218214
_d1218214